000 00964nam a2200253Ia 4500
003 OSt
005 20220923212625.0
006 a|||||r|||| 00| 0
007 ta
008 220922b |||||||| |||| 00| 0 hin d
024 _a154,634
037 _cTextual
040 _aARTS
_cARTS
_bhin
041 _2hin
_ahin
082 _aO1520v4,(/\73):g, L3
100 _aहण्डू, जियालाल
_9156279
245 0 _aकश्मीरी और हिन्दी सूफी काव्य का तुलनात्मक अध्ययन
246 _aKashmīrī aur hindī sūfī kāvya kā tulanātmak adhyayana
260 _aदिल्ली
_b भारतीय गं्रथ निकेतन
_c1973
300 _a504 पृ.
_ccm.
650 _aहिन्दी साहित्य
_9156264
942 _hO1520v4,(/\73):g, L3
_cTEXL
_2CC
999 _c310256
_d310256